| 000 | 00648nam a22001935i 4500 | ||
|---|---|---|---|
| 001 | 171704 | ||
| 003 | ES-MaACL | ||
| 005 | 20231204171112.0 | ||
| 008 | 090526s1948 sp |||| | spa d | ||
| 080 | _a821.134.2-14"19" | ||
| 100 | 1 |
_aSoler Baqués, María. _9140349 |
|
| 245 | 1 | 0 |
_aAlma en llamas _b: poesías / _cMaría Soler Baqués ; con un prólogo de Pablo Cavestany ; ilustraciones de F. Rovira Soler. |
| 260 |
_aBarcelona : _b[s.n.], _c1948. |
||
| 300 |
_a159 p. ; _c19 cm. |
||
| 700 | 1 |
_aCavestany, Pablo, _d1886-1965 _937194 |
|
| 700 | 1 |
_aRovira Soler, F. _9140350 |
|
| 852 |
_aES-MaACL _jC-5149 _9R.25870 |
||
| 999 |
_c171704 _d171704 |
||